=LDR 00000nam 2200000 4500 =001 INLIS000000000017152 =005 20130612112334 =008 ***********************************Ind** =035 ##$$a0010-061300000017152 =041 ##$$a Ind =082 ##$$a 343.04 =090 ##$$a 343.04, Fit k =100 ##$$a Fitrindi, Prinmandita =245 ##$$a Kompilasi udang-undang perpajakan terlengkap, Frimandita Fitriandi =260 ##$$a 2005 $b jakarta =300 ##$$a v, 338 hlm, 24 cm =650 ##$$a Pajak-Hukum =850 ##$$a NBPNMAT =990 ##$$a 21400613/BPAP-NTB/20142014